Global Bargain Hunting The Investors Guide to Profits in Emerging Markets / (Record no. 616583)
[ view plain ]
| 000 -LEADER | |
|---|---|
| fixed length control field | 00418nam a22001337a 4500 |
| 020 ## - INTERNATIONAL STANDARD BOOK NUMBER | |
| Qualifying information | HB. |
| 040 ## - CATALOGING SOURCE | |
| Transcribing agency | Fizza Ishaq |
| 082 ## - DEWEY DECIMAL CLASSIFICATION NUMBER | |
| Classification number | 332.637 |
| Author Mark | BUR |
| 100 ## - MAIN ENTRY--PERSONAL NAME | |
| Personal name | Malkiel, G. Burton. |
| 9 (RLIN) | 132739 |
| 245 ## - TITLE STATEMENT | |
| Title | Global Bargain Hunting The Investors Guide to Profits in Emerging Markets / |
| Statement of responsibility, etc. | Burton G. Malkiel, |
| 260 ## - PUBLICATION, DISTRIBUTION, ETC. | |
| Place of publication, distribution, etc. | New York : |
| Name of publisher, distributor, etc. | Simon & Schuster, |
| Date of publication, distribution, etc. | 1998. |
| 300 ## - PHYSICAL DESCRIPTION | |
| Extent | 239 p. ; |
| Dimensions | 6.25 x 1 x 9.5 inches |
| 942 ## - ADDED ENTRY ELEMENTS (KOHA) | |
| Source of classification or shelving scheme | |
| Koha item type | Book |
No items available.
